| 000 | 00614 a2200157 4500 | ||
|---|---|---|---|
| 003 | Nust | ||
| 005 | 20170207154215.0 | ||
| 040 | _cNust | ||
| 082 | _a378.4 | ||
| 245 |
_aGoldsmiths College-UG prospectus _cUniversity of London |
||
| 260 |
_aLondon _bUniversity of London _c2000 |
||
| 300 | _a150 p. | ||
| 505 | _aWhat is Goldsmiths (Page-4) What Can I Study (Page-34) How do I Apply (Page-138) Where Will I Live (Page-157) Where Will I Study (Page-161) What Support is there (Page-165) What Else Can I do (Page-168) Finding your Way Around (Page-171) | ||
| 538 | _aAlmirah No. 117 shelf No. 2 | ||
| 650 | _aUG prospectus | ||
| 942 |
_2ddc _cBK |
||
| 999 |
_c195043 _d195043 |
||